000 00286nam a2200133Ia 4500
082 _a611
_bC10S
100 _aSNEL, R.S.
245 _aCLINICAL NEUROANATOMY
250 _a1ST
260 _bWOLTERS HLUWER
_aDELHI
_c2010
300 _a1-542
650 _aHUMAN ANATOMY
942 _2ddc
_cBK
_025
999 _c251
_d251